000 01238nam a2200373 i 4500
999 _c2803
_d2803
001 020150583
003 UkOxU
005 20230822100405.0
008 150921s2015 nyua 000 0 eng d
020 _a9780134049809 (pbk.)
035 _a(StEdALDL)1/3258941
040 _aStEdALDL
_beng
_erda
_cStEdALDL
_dUkOxU
_dKH8
049 _aCROBAR
082 _a428.24 MER
100 1 _aMerdinger, Polly,
_eauthor.
245 1 0 _aNorthStar.
_pListening & speaking.
_n1 /
_cPolly Merdinger, Laurie Barton.
246 3 _aNorthStar.
_pListening & speaking.
_n1
246 3 _aNorth star.
_pListening & speaking.
_n1
250 _aFourth edition.
250 _aInternational edition.
264 1 _aWhite Plains, New York :
_bPearson Education,
_c[2015]
264 4 _c©2015
300 _axix, 236 pages :
_billustrations ;
_c26 cm.
336 _atext
_2rdacontent
337 _aunmediated
_2rdamedia
338 _avolume
_2rdacarrier
490 1 _aAlways learning.
650 0 _aEnglish language
_xSpoken English.
650 0 _aEnglish language
_vTextbooks for foreign speakers.
650 0 _aEnglish language
_xStudy and teaching
_xForeign speakers.
700 1 _aBarton, Laurie,
_eauthor.
830 0 _aAlways learning.
942 _2ddc
_cTR